000 00689nam a22002057a 4500
008 090313t xxu||||| |||| 00| 0 eng d
010 _aENG-93215
020 _c110.00
_a9788190745550
035 _aEN-76748
037 _bDBAD / PUB
040 _adpl
_bEnglish
082 _a534
100 _aGovindarajan, M.
245 _aAcoustics /
_cby M. Govindarajan
260 _aPerambalur
_bYazhuni Veliyeedu
_c2007
270 _aVelur,
_bPerambalur
_e621104
300 _a137p. .
_c20cm (pbk)
942 _2ddc
_cEN
_mGOV
_h534
999 _c25213
_d25213